000 00913cam a22002774a 4500
001 12933787
005 20180810092230.0
008 020917s2003 kyu b 000 0 eng
010 _a 2002035836
020 _a0664225772 (alk. paper)
040 _aDLC
_cDLC
_dDLC
042 _apcc
050 0 0 _aBS2330.3
_b.G75 2003
082 0 0 _a225.6/1
_221
630 0 0 _aBible.
100 1 _aGriggs, Donald L.
245 1 4 _aThe Bible from scratch :
_bthe New Testament for beginners /
_cDonald L. Griggs.
250 _a1st ed.
260 _aLouisville, Ky. :
_bWestminster John Knox Press,
_cc2003.
300 _axi, 161 p. ;
_c25 cm.
504 _aIncludes bibliographical references.
630 0 0 _pN.T.
_vIntroductions.
906 _a7
_bcbc
_corignew
_d1
_eocip
_f20
_gy-gencatlg
942 _2lcc
_cBK
999 _c2390
_d2390